[Event "Caqueta Florencia op 5th"]
[Site "Florencia"]
[Date "2018.12.03"]
[Round "5"]
[White "Valenzuela, Juan Camilo"]
[Black "Munoz Hidalgo, Luis Miguel"]
[Result "1-0"]
[WhiteElo "1571"]
[BlackElo "1778"]
[PlyCount "97"]
[EventDate "2018.11.30"]
[EventType "swiss"]
[EventRounds "7"]
[EventCountry "COL"]
[SourceTitle "EXT 2020"]
[Source "ChessBase"]
[SourceDate "2019.10.17"]
[SourceVersion "1"]
[SourceVersionDate "2019.10.17"]
[SourceQuality "1"]

1. b3 Nf6 2. Bb2 d5 3. Nf3 c6 4. e3 g6 5. c4 Bg7 6. cxd5 cxd5 7. Bb5+ Bd7 8. Nc3 0-0 9. Rc1 a6 10. Be2 Nc6 11. 0-0 e5 12. d4 e4 13. Ne5 Re8 14. Nxd7 Qxd7 15. Na4 Qd8 16. Nc5 Qb6 17. Ba3 Bf8 18. Bg4 Rad8 19. Na4 Qa7 20. Bc5 Bxc5 21. Rxc5 h5 22. Bh3 Nb4 23. Qd2 b6 24. Rc3 a5 25. a3 Nd3 26. Nb2 Nxb2 27. Qxb2 Re7 28. Rfc1 Kg7 29. Qc2 Ne8 30. Rc8 Rxc8 31. Qxc8 f5 32. g3 Qd7 33. Bf1 Qxc8 34. Rxc8 Nc7 35. a4 Kf6 36. Rf8+ Kg7 37. Rb8 Re6 38. Rb7 Rc6 39. Bb5 Rc3 40. Rxb6 Rxb3 41. Rb7 Rc3 42. Ra7 Kf6 43. Rxa5 Kg5 44. h4+ Kg4 45. Be2+ Kh3 46. Bf1+ Kg4 47. Kg2 f4 48. exf4 Rc2 49. Rc5 1-0

[Event "Caqueta Florencia op 5th"]
[Site "Florencia"]
[Date "2018.12.02"]
[Round "4"]
[White "Munoz Hidalgo, Luis Miguel"]
[Black "Gomez Barrero, Sergio"]
[Result "1/2-1/2"]
[WhiteElo "1778"]
[BlackElo "2036"]
[PlyCount "50"]
[EventDate "2018.11.30"]
[EventType "swiss"]
[EventRounds "7"]
[EventCountry "COL"]
[SourceTitle "EXT 2020"]
[Source "ChessBase"]
[SourceDate "2019.10.17"]
[SourceVersion "1"]
[SourceVersionDate "2019.10.17"]
[SourceQuality "1"]

1. e4 c6 2. d4 d5 3. Nd2 dxe4 4. Nxe4 Nd7 5. Nf3 Ngf6 6. Nxf6+ Nxf6 7. Bc4 e6 8. 0-0 Be7 9. c3 Bd7 10. Bf4 0-0 11. Qe2 Nd5 12. Bg3 Re8 13. Rad1 a5 14. Rfe1 Bf6 15. Bd3 b5 16. Be5 g6 17. Be4 a4 18. Bxf6 Qxf6 19. Ne5 Qd8 20. Bxd5 cxd5 21. Qf3 Rf8 22. a3 f6 23. Nd3 Bc8 24. Nc5 Qd6 25. Qe3 Ra7 1/2-1/2

[Event "Caqueta Florencia op"]
[Site "Caqueta"]
[Date "2016.12.03"]
[Round "4"]
[White "Diaz, Diego Alejandro"]
[Black "Munoz Hidalgo, Luis Miguel"]
[Result "0-1"]
[WhiteElo "1452"]
[BlackElo "1630"]
[PlyCount "52"]
[EventDate "2016.12.01"]
[EventType "swiss"]
[EventRounds "6"]
[EventCountry "COL"]
[SourceTitle "CBM 176 Extra"]
[Source "ChessBase"]
[SourceDate "2017.03.02"]
[SourceVersion "1"]
[SourceVersionDate "2017.03.02"]
[SourceQuality "1"]

1. e4 c5 2. Nf3 d6 3. d4 cxd4 4. Nxd4 Nf6 5. f3 g6 6. Nc3 Bg7 7. Be3 0-0 8. Qd2 Nc6 9. Nb3 Be6 10. Bh6 a5 11. Bxg7 Kxg7 12. Bd3 a4 13. Nc1 d5 14. exd5 Nxd5 15. 0-0 Qb6+ 16. Kh1 Kg8 17. N1e2 Rfd8 18. Nxd5 Bxd5 19. Qc3 Rac8 20. Qa3 Nb4 21. b3 axb3 22. axb3 Nxd3 23. cxd3 Qxb3 24. Qxe7 Re8 25. Nd4 Rxe7 26. Nxb3 Bxb3 0-1

[Event "Charala op"]
[Site "Charala"]
[Date "2010.07.19"]
[Round "5"]
[White "Munoz Hidalgo, Luis Miguel"]
[Black "Peinado, Edwin Halley"]
[Result "0-1"]
[WhiteElo "1819"]
[BlackElo "2122"]
[PlyCount "64"]
[EventDate "2010.07.17"]
[EventType "swiss"]
[EventRounds "8"]
[EventCountry "COL"]
[SourceTitle "CBM 137 Extra"]
[Source "ChessBase"]
[SourceDate "2010.09.01"]
[SourceVersion "1"]
[SourceVersionDate "2010.09.01"]
[SourceQuality "1"]

1. e4 c6 2. d4 d5 3. exd5 cxd5 4. Nf3 Nf6 5. c3 Nc6 6. Bf4 e6 7. Bd3 Bd6 8. Bxd6 Qxd6 9. 0-0 0-0 10. Nbd2 Ne7 11. Re1 Ng6 12. Ne5 Nd7 13. Ndf3 Ndxe5 14. Nxe5 Nxe5 15. dxe5 Qb6 16. Qc2 g6 17. Re3 f5 18. Rae1 Bd7 19. Qb3 Qc7 20. Qd1 Rac8 21. R3e2 Qc5 22. Qb3 Bc6 23. Rd1 a5 24. a3 f4 25. Qc2 Kg7 26. Red2 f3 27. Bf1 fxg2 28. Bxg2 Rf5 29. Re1 Rcf8 30. Rd4 Qe7 31. f3 Rg5 32. Kh1 Qc7 0-1

[Event "Charala op"]
[Site "Charala"]
[Date "2010.07.17"]
[Round "2"]
[White "Villamil Alarcon, Hector Orlando"]
[Black "Munoz Hidalgo, Luis Miguel"]
[Result "1-0"]
[WhiteElo "2112"]
[BlackElo "1819"]
[PlyCount "77"]
[EventDate "2010.07.17"]
[EventType "swiss"]
[EventRounds "8"]
[EventCountry "COL"]
[SourceTitle "CBM 137 Extra"]
[Source "ChessBase"]
[SourceDate "2010.09.01"]
[SourceVersion "1"]
[SourceVersionDate "2010.09.01"]
[SourceQuality "1"]

1. d4 d5 2. Nf3 e6 3. c3 Nf6 4. Bg5 Be7 5. e3 0-0 6. Bd3 Nbd7 7. Nbd2 b6 8. Ne5 Bb7 9. h4 c5 10. Rh3 c4 11. Bc2 Nxe5 12. dxe5 Nd7 13. Bf4 Nc5 14. Nf3 Ne4 15. Ng5 Bxg5 16. hxg5 g6 17. Qg4 Kg7 18. Qh4 Rh8 19. Qh6+ Kg8 20. Qh4 h5 21. 0-0-0 Qe7 22. Bxe4 dxe4 23. g4 Kg7 24. gxh5 Rxh5 25. Qg3 Rxh3 26. Qxh3 Rh8 27. Qg2 Bd5 28. Rh1 b5 29. Rh6 a5 30. Qg4 b4 31. Qh4 Qd8 32. Bg3 Qa8 33. Qf4 Qd8 34. Qf6+ Qxf6 35. exf6+ Kg8 36. Rxh8+ Kxh8 37. cxb4 axb4 38. Bd6 b3 39. a4 1-0

[Event "COL-ch sf "]
[Site "Medellin"]
[Date "2010.06.13"]
[Round "11"]
[White "Munoz Hidalgo, Luis Miguel"]
[Black "Blandon, Luis Guillermo"]
[Result "1/2-1/2"]
[WhiteElo "1799"]
[BlackElo "2000"]
[PlyCount "82"]
[EventDate "2010.06.05"]
[EventType "swiss"]
[EventRounds "11"]
[EventCountry "COL"]
[SourceTitle "CBM 136 Extra"]
[Source "ChessBase"]
[SourceDate "2010.07.02"]
[SourceVersion "2"]
[SourceVersionDate "2010.07.15"]
[SourceQuality "1"]

1. e4 c5 2. Nf3 d6 3. d4 cxd4 4. Nxd4 Nf6 5. Nc3 g6 6. Be3 Bg7 7. f3 0-0 8. Qd2 Nc6 9. 0-0-0 Nxd4 10. Bxd4 Be6 11. Kb1 Qc7 12. g4 Rfc8 13. h4 Qa5 14. a3 Rab8 15. h5 b5 16. hxg6 hxg6 17. Nd5 Qxd2 18. Rxd2 Nxd5 19. Bxg7 Kxg7 20. exd5 Bd7 21. g5 Bf5 22. Bd3 Bxd3 23. Rxd3 Rc5 24. f4 Rc4 25. Rdh3 Rg8 26. Rf1 Rd4 27. Rd3 Rxd3 28. cxd3 Rc8 29. Rc1 Rxc1+ 30. Kxc1 Kf8 31. Kd2 Ke8 32. Kc3 a5 33. b4 a4 34. Kd4 Kd7 35. Ke4 e6 36. d4 exd5+ 37. Kxd5 Kc7 38. Ke4 Kc6 39. d5+ Kd7 40. f5 Ke7 41. fxg6 fxg6 1/2-1/2

[Event "COL-ch sf "]
[Site "Medellin"]
[Date "2010.06.10"]
[Round "8"]
[White "Ossa Ramirez, Jesus Antonio"]
[Black "Munoz Hidalgo, Luis Miguel"]
[Result "0-1"]
[WhiteElo "1863"]
[BlackElo "1799"]
[PlyCount "82"]
[EventDate "2010.06.05"]
[EventType "swiss"]
[EventRounds "11"]
[EventCountry "COL"]
[SourceTitle "CBM 136 Extra"]
[Source "ChessBase"]
[SourceDate "2010.07.02"]
[SourceVersion "2"]
[SourceVersionDate "2010.07.15"]
[SourceQuality "1"]

1. e4 c5 2. Nf3 d6 3. c3 Nf6 4. e5 dxe5 5. Nxe5 g6 6. Bc4 e6 7. d3 Bg7 8. f4 0-0 9. 0-0 Qc7 10. Nd2 b6 11. Ndf3 Bb7 12. Be3 Nbd7 13. Qe2 Nd5 14. Bd2 N7f6 15. Rae1 Ne7 16. Ng5 Bd5 17. Bxd5 exd5 18. g4 Qd6 19. Ngf3 Rae8 20. Qg2 Nc6 21. d4 c4 22. f5 Qc7 23. Bf4 Qc8 24. Nd2 Rd8 25. Qh3 b5 26. Bh6 a5 27. Bxg7 Kxg7 28. Qh4 Nb8 29. Re3 Nbd7 30. Rh3 h5 31. fxg6 fxg6 32. Qg5 Nxe5 33. dxe5 Qxg4+ 34. Rg3 Qxg5 35. Rxg5 Ng4 36. Rxf8 Rxf8 37. h3 Ne3 38. Rg3 Nd1 39. b3 Re8 40. bxc4 bxc4 41. Nf3 Nxc3 0-1

[Event "COL-ch sf "]
[Site "Medellin"]
[Date "2010.06.08"]
[Round "6"]
[White "Munoz Hidalgo, Luis Miguel"]
[Black "Manotas, S Franklin"]
[Result "1/2-1/2"]
[WhiteElo "1799"]
[BlackElo "2000"]
[PlyCount "60"]
[EventDate "2010.06.05"]
[EventType "swiss"]
[EventRounds "11"]
[EventCountry "COL"]
[SourceTitle "CBM 136 Extra"]
[Source "ChessBase"]
[SourceDate "2010.07.02"]
[SourceVersion "2"]
[SourceVersionDate "2010.07.15"]
[SourceQuality "1"]

1. e4 c5 2. Nf3 Nc6 3. d4 cxd4 4. Nxd4 Nf6 5. Nc3 d6 6. f3 e5 7. Nb3 Be6 8. Be3 d5 9. exd5 Nxd5 10. Nxd5 Qxd5 11. Bd3 0-0-0 12. Qe2 Nd4 13. Qd2 f5 14. 0-0-0 Qc6 15. Kb1 Kb8 16. Qa5 Rd5 17. Nxd4 exd4 18. Bf4+ Bd6 19. Bxd6+ Qxd6 20. Qd2 Rc8 21. g3 Qc6 22. Rhe1 g6 23. b3 Rc5 24. Qf4+ Ka8 25. Qxd4 Bd5 26. f4 Bf3 27. Rd2 a5 28. a4 Qc7 29. Qe3 Bd5 30. Qe5 Qb6 1/2-1/2

[Event "COL-ch sf "]
[Site "Medellin"]
[Date "2010.06.06"]
[Round "3"]
[White "Munoz Hidalgo, Luis Miguel"]
[Black "Jimenez, Luis Felipe"]
[Result "1-0"]
[WhiteElo "1799"]
[BlackElo "2019"]
[PlyCount "45"]
[EventDate "2010.06.05"]
[EventType "swiss"]
[EventRounds "11"]
[EventCountry "COL"]
[SourceTitle "CBM 136 Extra"]
[Source "ChessBase"]
[SourceDate "2010.07.02"]
[SourceVersion "2"]
[SourceVersionDate "2010.07.15"]
[SourceQuality "1"]

1. e4 e5 2. Nf3 Nf6 3. Nxe5 d6 4. Nf3 Nxe4 5. d4 d5 6. Bd3 Bg4 7. 0-0 Be7 8. c4 c6 9. Nc3 f5 10. cxd5 cxd5 11. h3 Bh5 12. Bf4 Nc6 13. Be2 0-0 14. Ne5 Bxe2 15. Qxe2 Nxd4 16. Qd3 Ne6 17. Nxd5 Bd6 18. Bh2 N6c5 19. Qc4 Bxe5 20. Bxe5 Kh8 21. Rad1 Nd7 22. Bf4 Rc8 23. Qd4 1-0

[Event "COL-ch sf "]
[Site "Medellin"]
[Date "2010.06.05"]
[Round "1"]
[White "Munoz Hidalgo, Luis Miguel"]
[Black "Lotero, Faiber"]
[Result "0-1"]
[WhiteElo "1799"]
[BlackElo "2155"]
[PlyCount "42"]
[EventDate "2010.06.05"]
[EventType "swiss"]
[EventRounds "11"]
[EventCountry "COL"]
[SourceTitle "CBM 136 Extra"]
[Source "ChessBase"]
[SourceDate "2010.07.02"]
[SourceVersion "2"]
[SourceVersionDate "2010.07.15"]
[SourceQuality "1"]

1. e4 e5 2. Nf3 Nf6 3. Nc3 Bb4 4. Nxe5 0-0 5. d3 d5 6. Bd2 Qe7 7. Nf3 dxe4 8. Nxe4 Nxe4 9. dxe4 Qxe4+ 10. Be2 Re8 11. c3 Bc5 12. b4 Bb6 13. Nd4 Bxd4 14. cxd4 Qxg2 15. Rf1 Bg4 16. Be3 Bxe2 17. Qxe2 Nc6 18. Qd2 Qg4 19. Qc3 Nxd4 20. f3 Nxf3+ 21. Kf2 Nxh2 0-1